000 00583nam a2200217Ia 4500
003 OSt
005 20221007071751.0
006 a|||||r|||| 00| 0
007 ta
008 221006b |||||||| |||| 00| 0 eng d
024 _a24,739
037 _cTextual
040 _aFLL
_cFLL
_beng
041 _2eng
_aeng
082 _aZ3b, L9.2-1
245 0 _aRoyal Commission on legal services
_b final report
260 _aLondon
_bHer Majesty's Sationery Office London
_c1979
300 _a393p
_ccm.
942 _hZ3b, L9.2-1
_cTEXL
_2CC
999 _c1144212
_d1144212